| 000 | 00686nam a22002057a 4500 | ||
|---|---|---|---|
| 005 | 2010080504374.0 | ||
| 010 | _aENG-98389 | ||
| 020 |
_a9788190778169 _c75.00 |
||
| 020 |
_a8190778161 _c75.00 |
||
| 035 | _aEN-81922 | ||
| 037 | _bDBAD/PUB | ||
| 082 | _a658.4 | ||
| 100 |
_aElangovan,D. _9754 |
||
| 245 |
_aPrinciples og management / _cby D.Elangovan |
||
| 260 |
_aChennai _bSekar Publications _c2008 |
||
| 270 |
_a66 Periyar Street, MGR Nagar _bChennai _e78 |
||
| 300 |
_a143p. _c20cm (pbk) |
||
| 942 |
_2ddc _cEN _h658.4 _mELA |
||
| 999 |
_c39410 _d39410 |
||